01712nas a2200337 i 4500001000700000003000600007005001700013007000300030008004700033010000900080020001800089022001400107040003700121041000800158110007900166245011100245264014400356300006400500310002300564336002900587337003400616338002900650362001600679500003900695505034100734610007601075700004701151700004301198700004201241700009101283323517AGNRD20250716151101.0ta250716e2025 dr a p|ro || ospa || |  a2025 a9789945164435 a2811-5082 cAGNRDaAGNRDeRDAbspadDO-SdBNP aspa aRepública Dominicana. Consejo Nacional de Bioética en Salud (CONABIOS) aMemoria institucional : bCONABIOS 2023-2024 /cConsejo Nacional de Bioética en Salud [y otros cuatros]. aSanto Domingo, República Dominicana :bMinisterio de Salud Pública (MSP). bConsejo Nacional de Bioética en Salud (CONABIOS), c2025. avolumen : bilustraciones, fotografías tablas ; c26 cm.  aMemoria 2023-2024. atextobtxt 2rdacontent  asin mediación bn2rdamedia avolumen bnc2rdacarrier aAño 2025. aEsta Memoria incluye ISBN y ISSN.  aPrólogo, 7.-- Estructura e identidad institucional, 11.-- Sesione del pleno del CONABIOS, 23.-- Gestión administrativa, 27.-- Gestión de monitoreo, 59.-- Gestión de creación y capacitación del Comité de Ética de Investigación, 85.-- Actividades y fortalecimiento institucional, 89.-- Capacitación, 99.-- Anexos, 103. aConsejo Nacional de Bioética en Salud (CONABIOS)xMemorias e informes aFernández R., Aura Celesteecoordinadora aPlácido Montero, Joséecoordinador aAdorno Rivera, Jenny M.ecoordinadora aEspinal Durán, Esmarlin R.ediseño, diagramación, cuidado de edición y portada